[Event "Znojmo op1"]
[Site "Znojmo"]
[Date "2007.??.??"]
[Round "5"]
[White "Docekal, Jan"]
[Black "Komprda, Pavel"]
[Result "1-0"]
[WhiteElo "2010"]
[BlackElo "2055"]
[PlyCount "93"]
[EventDate "2007.01.??"]
[EventType "swiss"]
[EventRounds "9"]
[EventCountry "CZE"]
[SourceTitle "EXT 2010"]
[Source "ChessBase"]
[SourceDate "2010.11.25"]
[SourceVersion "1"]
[SourceVersionDate "2010.11.25"]
[SourceQuality "1"]

1. Nf3 e6 2. d4 d5 3. g3 c5 4. e3 Nf6 5. Bg2 Nc6 6. 0-0 Be7 7. c3 0-0 8. Nbd2 b6 9. Re1 Bb7 10. Qe2 Rc8 11. Ne5 Nxe5 12. dxe5 Nd7 13. f4 f6 14. Bh3 f5 15. Bg2 Qc7 16. Nf3 g5 17. h4 gxh4 18. gxh4 h6 19. Kh2 Kh8 20. Qf2 Rf7 21. Bd2 Rg8 22. Rg1 Qd8 23. Bh3 Ba6 24. Rxg8+ Qxg8 25. Rg1 Rg7 26. Rxg7 Qxg7 27. Be1 Bd3 28. Nd2 c4 29. Nf3 Nc5 30. Nd4 Kg8 31. b4 cxb3 32. axb3 Kf7 33. b4 Ne4 34. Qa2 a6 35. Nxf5 Qg6 36. Nd4 Bc4 37. Qa4 Bb5 38. Nxb5 axb5 39. Qa2 Qh5 40. f5 Bxh4 41. Bxh4 Qxh4 42. fxe6+ Kg6 43. Qg2+ Kh7 44. Qf3 Ng5 45. Qf5+ Kg7 46. e7 Nxh3 47. Qf6+ 1-0

[Event "Znojmo op1"]
[Site "Znojmo"]
[Date "2007.??.??"]
[Round "9"]
[White "Komprda, Pavel"]
[Black "Kubicek, Pavel"]
[Result "0-1"]
[WhiteElo "2055"]
[BlackElo "1820"]
[PlyCount "110"]
[EventDate "2007.01.??"]
[EventType "swiss"]
[EventRounds "9"]
[EventCountry "CZE"]
[SourceTitle "EXT 2010"]
[Source "ChessBase"]
[SourceDate "2010.11.25"]
[SourceVersion "1"]
[SourceVersionDate "2010.11.25"]
[SourceQuality "1"]

1. e4 e6 2. d3 c5 3. Nf3 Nc6 4. g3 Be7 5. Bg2 Nf6 6. Nc3 d5 7. Qe2 d4 8. Nd1 e5 9. 0-0 0-0 10. Nd2 Bg4 11. f3 Be6 12. f4 exf4 13. gxf4 Bg4 14. Nf3 Qb6 15. Nf2 Bh5 16. Kh1 Rae8 17. Rg1 Bd6 18. Qd2 Bb8 19. Nh4 Ne7 20. Nh3 Ng6 21. Qf2 Kh8 22. Qg3 Bg4 23. e5 Bxh3 24. Qxh3 Ng8 25. Nf5 N6e7 26. Nxg7 Kxg7 27. Be4+ Ng6 28. f5 Rxe5 29. Bf4 Rxe4 30. Bxb8 Re3 31. Bg3 Qc6+ 32. Rg2 Re2 33. Rag1 Rxc2 34. Be5+ Nf6 35. Bxf6+ Kxf6 36. fxg6 hxg6 37. Qh6 Re8 38. Rf1+ Ke6 39. Qh3+ Ke7 40. Qh4+ Kd7 41. Rxf7+ Kc8 42. Qg4+ Kb8 43. Qg3+ Ka8 44. Rf1 Rxb2 45. Qxg6 Qxg6 46. Rxg6 b5 47. a4 c4 48. axb5 c3 49. Rg2 Rxb5 50. h4 Re3 51. Rg8+ Rb8 52. Rg7 c2 53. Rc7 Rb1 54. Kg2 Re2+ 55. Kg1 Rxf1+ 0-1

[Event "Znojmo op1"]
[Site "Znojmo"]
[Date "2007.??.??"]
[Round "1"]
[White "Kulovany, Radomir"]
[Black "Komprda, Pavel"]
[Result "0-1"]
[WhiteElo "1775"]
[BlackElo "2055"]
[PlyCount "84"]
[EventDate "2007.01.??"]
[EventType "swiss"]
[EventRounds "9"]
[EventCountry "CZE"]
[SourceTitle "EXT 2010"]
[Source "ChessBase"]
[SourceDate "2010.11.25"]
[SourceVersion "1"]
[SourceVersionDate "2010.11.25"]
[SourceQuality "1"]

1. e4 c5 2. Nf3 Nc6 3. c3 d5 4. exd5 Qxd5 5. Be2 e5 6. d3 Nf6 7. 0-0 Be7 8. Nbd2 Bf5 9. Nb3 0-0-0 10. d4 exd4 11. cxd4 cxd4 12. Nfd2 d3 13. Bf3 Qd7 14. Re1 Rhe8 15. Ne4 Nxe4 16. Bxe4 Bb4 17. f3 Bxe1 18. Qxe1 Bxe4 19. fxe4 Qf5 20. Qg3 Rxe4 21. Be3 Qe5 22. Qh3+ f5 23. Bd2 Re2 24. Bc3 Qe3+ 25. Qxe3 Rxe3 26. Rd1 g6 27. Kf1 b6 28. Nd2 Ne5 29. h3 f4 30. Bxe5 Rxe5 31. Kf2 g5 32. Kf3 Re3+ 33. Kg4 Rg3+ 34. Kh5 Rxg2 35. Nf3 Rd5 36. Kh6 Rg3 37. Rc1+ Rc5 38. Rf1 Rxh3+ 39. Kg7 Rxf3 40. Rxf3 d2 41. Rd3 Rc7+ 42. Kf6 Rd7 0-1

[Event "CZE-chT2d 0405"]
[Site "Czech Republic"]
[Date "2005.??.??"]
[Round "1"]
[White "Zejda, Karel"]
[Black "Komprda, Pavel"]
[Result "0-1"]
[WhiteElo "1810"]
[BlackElo "2090"]
[PlyCount "50"]
[EventDate "2004.10.??"]
[EventType "team-tourn"]
[EventRounds "11"]
[EventCountry "CZE"]
[SourceTitle "EXT 2007"]
[Source "ChessBase"]
[SourceDate "2006.11.23"]
[SourceVersion "1"]
[SourceVersionDate "2006.11.23"]
[SourceQuality "1"]

1. d4 Nf6 2. Bg5 Ne4 3. Bh4 d5 4. Nf3 c6 5. Nbd2 Qb6 6. Rb1 Bf5 7. e3 e6 8. a3 Nd7 9. Be2 c5 10. dxc5 Bxc5 11. Nb3 Rc8 12. Nfd4 Bg6 13. 0-0 0-0 14. Nxc5 Ndxc5 15. f3 Nd6 16. Be7 Rfe8 17. Bxd6 Qxd6 18. Nb5 Qb6 19. Rc1 a6 20. b4 Na4 21. Nd4 e5 22. c4 exd4 23. Qxa4 d3 24. c5 Qe6 25. Bd1 Qxe3+ 0-1

[Event "CZE-chT2d 0304"]
[Site "Czech Republic"]
[Date "2004.??.??"]
[Round "?"]
[White "Komprda, Pavel"]
[Black "Pospisil, Vladimir"]
[Result "0-1"]
[WhiteElo "2035"]
[BlackElo "2135"]
[PlyCount "104"]
[EventDate "2003.??.??"]
[EventType "team-tourn"]
[EventRounds "11"]
[EventCountry "CZE"]
[SourceTitle "EXT 2007"]
[Source "ChessBase"]
[SourceDate "2006.11.23"]
[SourceVersion "1"]
[SourceVersionDate "2006.11.23"]
[SourceQuality "1"]

1. e4 e5 2. Nf3 Nc6 3. Bc4 Nf6 4. Ng5 d5 5. exd5 b5 6. dxc6 bxc4 7. Qe2 Bd6 8. 0-0 0-0 9. Nc3 h6 10. Nge4 Be6 11. b3 Nxe4 12. Nxe4 Qe8 13. bxc4 Qxc6 14. d3 Rfe8 15. Qf3 Qd7 16. Bxh6 f5 17. Nxd6 cxd6 18. Bd2 Rac8 19. Bb4 d5 20. Rfd1 Qf7 21. c5 d4 22. a4 Bd5 23. Qe2 Qb7 24. Ba3 Bxg2 25. Rdb1 Qc6 26. f4 Bh3 27. c3 Re6 28. Qa2 Kh8 29. Kf2 Qg2+ 30. Ke1 Qg1+ 31. Kd2 Qxh2+ 32. Kc1 Qxf4+ 33. Qd2 Qe3 34. Kc2 Rg6 35. Qxe3 dxe3 36. Rg1 Rg2+ 37. Kb3 Rxg1 38. Rxg1 Kg8 39. Re1 f4 40. d4 Be6+ 41. Kc2 Bc4 42. Bc1 e4 43. a5 Kf7 44. Rg1 Kf6 45. Rh1 Kf5 46. Rh7 Rc7 47. Kd1 e2+ 48. Ke1 e3 49. a6 Ke4 50. Rh8 Bxa6 51. Re8+ Kf3 52. Rf8 Rb7 0-1

[Event "CZE-chT2d 0304"]
[Site "Czech Republic"]
[Date "2003.??.??"]
[Round "?"]
[White "Bukacek, Lubomir"]
[Black "Komprda, Pavel"]
[Result "0-1"]
[WhiteElo "2100"]
[BlackElo "2035"]
[PlyCount "38"]
[EventDate "2003.??.??"]
[EventType "team-tourn"]
[EventRounds "11"]
[EventCountry "CZE"]
[SourceTitle "EXT 2007"]
[Source "ChessBase"]
[SourceDate "2006.11.23"]
[SourceVersion "1"]
[SourceVersionDate "2006.11.23"]
[SourceQuality "1"]

1. d4 Nf6 2. Bg5 Ne4 3. Bh4 d5 4. f3 Nd6 5. e3 c6 6. c3 Qb6 7. Qb3 Bf5 8. Nd2 Nd7 9. Bg3 e6 10. Bxd6 Bxd6 11. c4 Bb4 12. Rd1 0-0 13. Bd3 Rfe8 14. Ne2 Bxd3 15. Qxd3 e5 16. cxd5 exd4 17. exd4 cxd5 18. a3 Bf8 19. Qb3 Qa6 0-1